| 000 | 00532cam a2200205ua 4500 | ||
|---|---|---|---|
| 001 | 11348 | ||
| 005 | 20260515114736.0 | ||
| 008 | 190914n ii |||gr||||Z||||||asm | ||
| 020 | _a9789381485750 | ||
| 040 | _cMAIN | ||
| 082 | _a940.3 | ||
| 100 |
_aDiganta Oza . , _eAuthor. |
||
| 245 |
_aPratham Mahasamar : _bkaron,gatibidhi,parinati / _cBy Diganta Oza . |
||
| 250 | _a3rd ed . | ||
| 260 |
_aGuwahati: _bJyoti Prakashan , _c2017. |
||
| 300 | _a268p. | ||
| 653 | _aHistory of Europe | ||
| 653 | _aWorld war I | ||
| 942 | _cBK | ||
| 999 |
_c10180 _d10180 |
||